Fr. Conceicao Rodrigues College of Engineering

Complete Reference JAVA 2 (Record no. 22313)

MARC details
000 -LEADER
fixed length control field 00377nam a2200169Ia 4500
082 ## - DEWEY DECIMAL CLASSIFICATION NUMBER
Classification number 005.133J/SCH
Item number SCH
100 ## - MAIN ENTRY--PERSONAL NAME
Personal name Schildt/Herbert
250 ## - EDITION STATEMENT
Edition statement 5
245 ## - TITLE STATEMENT
Title Complete Reference JAVA 2
260 ## - PUBLICATION, DISTRIBUTION, ETC.
Name of publisher, distributor, etc. Tata Mc Graw hill Ltd.
Place of publication, distribution, etc. New Delhi
Date of publication, distribution, etc. 2002
366 ## - TRADE AVAILABILITY INFORMATION
Publishers's discount category 20
300 ## - PHYSICAL DESCRIPTION
Extent 1168
546 ## - LANGUAGE NOTE
Language note ENGLISH
650 ## - SUBJECT ADDED ENTRY--TOPICAL TERM
Topical term or geographic name entry element Java
654 ## - SUBJECT ADDED ENTRY--FACETED TOPICAL TERMS
Focus term complete reference
942 ## - ADDED ENTRY ELEMENTS (KOHA)
Koha item type BOOK
Holdings
Withdrawn status Lost status Damaged status Not for loan Collection Home library Current library Shelving location Date acquired Source of acquisition Cost, normal purchase price Total Checkouts Full call number Barcode Date last seen Date last checked out Cost, replacement price Price effective from Koha item type Date due
        CRC Fr. Agnel's C.Rodrigues College of Engineering AGNEL TECHNICAL COLLEGE LIBRARY   17/03/2023 Nandu Book House 405.00 1 005.133J/SCH SCH 16749 09/10/2023 12/06/2023 425.00   BOOK  
        CRC Fr. Agnel's C.Rodrigues College of Engineering Fr. Agnel's C.Rodrigues College of Engineering   17/03/2023 Nandu Book House 405.00   005.133J/SCH SCH 16750 17/03/2023   425.00   BOOK  
        CRC Fr. Agnel's C.Rodrigues College of Engineering Fr. Agnel's C.Rodrigues College of Engineering   17/03/2023 Nandu Book House 405.00 2 005.133J/SCH SCH 16751 29/09/2025 29/09/2025 425.00   BOOK 28/12/2025